00445 a2200169 450000100060000002000150000604000240002110000200004524000240006524500190008930000070010836200090011565000240012494200070014895201030015599900170025868738 a8530501292 cAnchieta - Itaigara aBandeira, Pedro10aO patinho feiolpor10aO patinho feio a310 a1997 4aLiteratura infantil cBK 00104070a88.1b88.1d2023-11-21l0oLI 028.5 PATp396/ITAr2023-11-21 20:03:01w2023-11-21yBK c68738d68738